[Event "Olympiad Women-43"]
[Site "Batumi"]
[Date "2018.10.03"]
[Round "9.3"]
[White "Santos, Judith"]
[Black "Lagutina, Olga"]
[Result "1-0"]
[WhiteElo "1702"]
[BlackElo "1948"]
[PlyCount "99"]
[EventDate "2018.09.24"]
[EventType "team-swiss"]
[EventRounds "11"]
[EventCountry "GEO"]
[SourceTitle "EXT 2020"]
[Source "ChessBase"]
[SourceDate "2019.10.17"]
[SourceVersion "1"]
[SourceVersionDate "2019.10.17"]
[SourceQuality "1"]
[WhiteTeam "El Salvador (W)"]
[BlackTeam "ICCD (W)"]
[WhiteTeamCountry "ESA"]

1. e4 c5 2. Nf3 d6 3. d4 cxd4 4. Qxd4 Nc6 5. Bb5 Bd7 6. Bxc6 Bxc6 7. c4 Nf6 8. Nc3 g6 9. 0-0 Bg7 10. Bg5 0-0 11. Qd3 Rc8 12. b3 a6 13. a4 h6 14. Be3 Qc7 15. h3 b6 16. Nd4 Bd7 17. Rac1 Qb7 18. Rfd1 Kh7 19. f3 Rfd8 20. Bf2 Be8 21. Qe3 Nd7 22. Rb1 Nc5 23. Nd5 e6 24. Nc3 Rb8 25. Bg3 Rbc8 26. Nde2 Bf8 27. h4 Bc6 28. Kh2 b5 29. cxb5 axb5 30. axb5 Bxb5 31. Nd4 Be8 32. b4 Na4 33. Nxa4 Bxa4 34. Rd2 Bb5 35. Nb3 d5 36. Nc5 Qc6 37. Qf4 Kg7 38. e5 Bxc5 39. Qf6+ Kg8 40. bxc5 Qxc5 41. Bf4 Kh7 42. Qxf7+ Kh8 43. Bxh6 Rg8 44. Bg5 Rc7 45. Bf6+ Rg7 46. Bxg7+ Kh7 47. Bf8+ Rxf7 48. Bxc5 Bc4 49. Rb6 Rc7 50. Bd4 1-0

[Event "Olympiad Women-43"]
[Site "Batumi"]
[Date "2018.09.27"]
[Round "4.22"]
[White "Kalaiyalahan, Akshaya"]
[Black "Santos, Judith"]
[Result "1-0"]
[WhiteElo "2253"]
[BlackElo "1702"]
[PlyCount "119"]
[EventDate "2018.09.24"]
[EventType "team-swiss"]
[EventRounds "11"]
[EventCountry "GEO"]
[SourceTitle "EXT 2020"]
[Source "ChessBase"]
[SourceDate "2019.10.17"]
[SourceVersion "1"]
[SourceVersionDate "2019.10.17"]
[SourceQuality "1"]
[WhiteTeam "England (W)"]
[BlackTeam "El Salvador (W)"]
[WhiteTeamCountry "ENG"]
[BlackTeamCountry "ESA"]

1. d4 d5 2. Nf3 e6 3. g3 Nf6 4. Bg2 Be7 5. c4 0-0 6. 0-0 dxc4 7. Qc2 b6 8. Ne5 Qxd4 9. Bxa8 Qxe5 10. Bf4 Qc5 11. Bg2 Nd5 12. Bd2 Bf6 13. Nc3 Nxc3 14. Bxc3 Nd7 15. Bxf6 Nxf6 16. b3 Ba6 17. Rfc1 Ng4 18. e3 Ne5 19. bxc4 Bxc4 20. Qd2 b5 21. Rc3 Qe7 22. Qd4 Qd6 23. Qxa7 Qd2 24. Rcc1 Nd3 25. Rf1 Nb2 26. Rfb1 Nd3 27. Rf1 Nb2 28. Rfb1 Nd3 29. e4 c5 30. Rf1 b4 31. Qd7 Qe2 32. Qa4 Ne5 33. Qd1 Qb2 34. Qc1 Qd4 35. Rd1 Nd3 36. Qe3 Rd8 37. Qxd4 Rxd4 38. Bf1 Kf8 39. Rd2 Ba6 40. Rad1 c4 41. Bxd3 cxd3 42. f3 Ke7 43. Rc1 Kd7 44. Kf2 e5 45. Rc5 Kd6 46. Ra5 Bc4 47. Ke3 b3 48. axb3 Bxb3 49. Rxd3 Rxd3+ 50. Kxd3 g6 51. g4 h6 52. Ra8 Ke6 53. Rh8 Kf6 54. Rxh6 Kg5 55. Rh8 Kf4 56. Ke2 f5 57. gxf5 gxf5 58. Rf8 Be6 59. exf5 Bxf5 60. h4 1-0

[Event "San Jose subzonal (Women) 2.3.c"]
[Site "San Jose"]
[Date "2018.03.25"]
[Round "2"]
[White "Santos, Judith"]
[Black "Hernandez Alvarez, Tania Regla"]
[Result "0-1"]
[WhiteElo "1795"]
[BlackElo "2076"]
[PlyCount "58"]
[EventDate "2018.03.25"]
[EventType "swiss"]
[EventRounds "9"]
[EventCountry "CRI"]
[SourceTitle "EXT 2019"]
[Source "ChessBase"]
[SourceDate "2018.10.10"]
[SourceVersion "1"]
[SourceVersionDate "2018.10.10"]
[SourceQuality "1"]

1. e4 e6 2. d4 c5 3. c3 Nf6 4. Bd3 cxd4 5. cxd4 d6 6. Nf3 Be7 7. 0-0 0-0 8. Nc3 Nc6 9. Re1 e5 10. Be3 Ng4 11. Qe2 Nxe3 12. Qxe3 Nxd4 13. Nxd4 Bg5 14. Qg3 exd4 15. Nb5 a6 16. Nxd4 Bf6 17. Nf5 Bxf5 18. exf5 Bxb2 19. Rab1 Be5 20. Qh3 b5 21. Re4 Bf6 22. Qh5 Rc8 23. Re3 Re8 24. Rh3 h6 25. Rg3 Kf8 26. Rg4 Rc3 27. Rd1 Rxd3 28. Rf1 d5 29. Rf4 Rd2 0-1

[Event "San Salvador zt 2.3"]
[Site "San Salvador"]
[Date "2017.05.31"]
[Round "9"]
[White "Santos, Judith"]
[Black "Ortez, Andrea"]
[Result "1/2-1/2"]
[WhiteElo "1610"]
[BlackElo "1822"]
[PlyCount "46"]
[EventDate "2017.05.26"]
[EventType "swiss"]
[EventRounds "9"]
[EventCountry "ESA"]
[SourceTitle "CBM 178 Extra"]
[Source "ChessBase"]
[SourceDate "2017.06.22"]
[SourceVersion "1"]
[SourceVersionDate "2017.06.22"]
[SourceQuality "1"]

1. e4 g6 2. d4 Bg7 3. Nf3 c5 4. c3 cxd4 5. cxd4 d6 6. Bc4 Nc6 7. 0-0 e6 8. Be3 Nge7 9. Nc3 0-0 10. Qd2 d5 11. exd5 exd5 12. Bb3 Na5 13. Qc2 Bf5 14. Qd1 Bg4 15. Na4 Nxb3 16. axb3 Nf5 17. h3 Bxf3 18. Qxf3 Bxd4 19. Rad1 Bxe3 20. fxe3 Qe7 21. Rfe1 Rad8 22. Rxd5 Rxd5 23. Qxd5 Rd8 1/2-1/2

[Event "San Salvador zt 2.3"]
[Site "San Salvador"]
[Date "2017.05.27"]
[Round "3"]
[White "Santos, Judith"]
[Black "Ruiz Castillo, Joshua Daniel"]
[Result "0-1"]
[WhiteElo "1610"]
[BlackElo "2350"]
[PlyCount "128"]
[EventDate "2017.05.26"]
[EventType "swiss"]
[EventRounds "9"]
[EventCountry "ESA"]
[SourceTitle "CBM 178 Extra"]
[Source "ChessBase"]
[SourceDate "2017.06.22"]
[SourceVersion "1"]
[SourceVersionDate "2017.06.22"]
[SourceQuality "1"]

1. e4 c5 2. Nf3 d6 3. d4 cxd4 4. Qxd4 Nc6 5. Bb5 Bd7 6. Bxc6 Bxc6 7. c4 Nf6 8. Nc3 e6 9. 0-0 Be7 10. Bg5 0-0 11. Rad1 a6 12. Rfe1 Qa5 13. h3 Rfd8 14. Qe3 Qb4 15. b3 b5 16. Nd4 Be8 17. cxb5 axb5 18. Qd3 Rab8 19. Bd2 Qc5 20. Rc1 Qb6 21. Nce2 b4 22. Ng3 Qb7 23. Rc2 Rdc8 24. Rec1 Rxc2 25. Rxc2 Bf8 26. Qf3 e5 27. Ndf5 d5 28. exd5 Qxd5 29. Qxd5 Nxd5 30. Ne3 Nxe3 31. Bxe3 f6 32. Ne2 Bg6 33. Rd2 Ra8 34. Nc1 Bb1 35. Rb2 Bf5 36. g4 Be4 37. Kh2 g6 38. Kg3 f5 39. gxf5 gxf5 40. f4 Bh6 41. Ne2 Kf7 42. Kf2 Rg8 43. Rd2 Rg2+ 44. Ke1 Rh2 45. Rd7+ Ke8 46. Rxh7 Rxh3 47. Kd2 Rh2 48. Ke1 Rh3 49. Kd2 Bf3 50. Ng1 Rh2+ 51. Ke1 Bg4 52. fxe5 Bxe3 53. Rxh2 Bxg1 54. Rh7 Bf3 55. Kd2 Be4 56. e6 f4 57. Rf7 Be3+ 58. Kd1 Bd5 59. Kc2 Bxe6 60. Rf6 Ke7 61. Rxf4 Bxf4 62. Kb2 Be5+ 63. Kc2 Bf5+ 64. Kd2 Bd4 0-1

[Event "Pan American-ch U20 Girls"]
[Site "San Salvador"]
[Date "2015.07.20"]
[Round "8"]
[White "Santos, Judith"]
[Black "De Leon, Stephanie"]
[Result "0-1"]
[WhiteElo "1550"]
[BlackElo "1654"]
[PlyCount "60"]
[EventDate "2015.07.16"]
[EventType "tourn"]
[EventRounds "9"]
[EventCountry "ESA"]
[SourceTitle "EXT 2022"]
[Source "ChessBase"]
[SourceDate "2021.10.06"]
[SourceVersion "1"]
[SourceVersionDate "2021.10.06"]
[SourceQuality "1"]

1. e4 e5 2. Nf3 Nc6 3. Bc4 Nf6 4. Qe2 Bc5 5. c3 a6 6. a4 d6 7. b4 Bb6 8. Bb3 Be6 9. Bc2 d5 10. d3 d4 11. Ba3 dxc3 12. h3 Nd4 13. Nxd4 Bxd4 14. 0-0 0-0 15. Qe1 Nh5 16. Kh2 f5 17. Bc1 f4 18. Nxc3 f3 19. g3 Qd7 20. h4 Qc6 21. Ra3 Bd7 22. Be3 Qg6 23. Ne2 fxe2 24. Qxe2 Bxe3 25. Qxe3 Qg4 26. Qg5 Qh3+ 27. Kg1 Bg4 28. Bd1 Nf6 29. d4 Bxd1 30. Rxd1 Ng4 0-1

[Event "Pan American-ch U20 Girls"]
[Site "San Salvador"]
[Date "2015.07.19"]
[Round "6"]
[White "Santos, Judith"]
[Black "Castro, Venus Sabrina"]
[Result "1/2-1/2"]
[WhiteElo "1550"]
[BlackElo "1556"]
[PlyCount "104"]
[EventDate "2015.07.16"]
[EventType "tourn"]
[EventRounds "9"]
[EventCountry "ESA"]
[SourceTitle "EXT 2016"]
[Source "ChessBase"]
[SourceDate "2015.10.08"]
[SourceVersion "1"]
[SourceVersionDate "2015.10.08"]
[SourceQuality "1"]

1. e4 c5 2. Nc3 d6 3. d3 e6 4. g3 g6 5. Bg2 Bg7 6. f4 Ne7 7. Nf3 Nbc6 8. 0-0 0-0 9. h3 Rb8 10. a4 a6 11. g4 f5 12. g5 b5 13. axb5 axb5 14. Ne2 Qb6 15. Kh2 b4 16. h4 Ba6 17. Bh3 e5 18. exf5 Nxf5 19. fxe5 Nxe5 20. Bxf5 Rxf5 21. Ng3 Rff8 22. Rb1 Bb7 23. Nd2 Rxf1 24. Ndxf1 Nf3+ 25. Kh3 Qc6 26. Ne4 Qd7+ 27. Kg3 Ne5 28. Bf4 Rf8 29. Ne3 Bxe4 30. dxe4 Qf7 31. Qd5 Qxd5 32. Nxd5 Nc4 33. b3 Ne5 34. Rd1 c4 35. Nxb4 cxb3 36. cxb3 Rb8 37. Bd2 Nd7 38. Be1 Be5+ 39. Kg2 Nc5 40. Nc6 Rxb3 41. Nxe5 dxe5 42. Rd5 Nxe4 43. Rxe5 Nd6 44. Re2 Rb6 45. Bf2 Rb5 46. Re6 Rd5 47. Rf6 Nf5 48. Kf3 Rd6 49. Rxd6 Nxd6 50. Kg4 Kf7 51. Kf4 Ke6 52. Be1 Nf5 1/2-1/2

[Event "Pan American-ch U20 Girls"]
[Site "San Salvador"]
[Date "2015.07.16"]
[Round "1"]
[White "Cosme Contreras, Trilce"]
[Black "Santos, Judith"]
[Result "1-0"]
[WhiteElo "1755"]
[BlackElo "1550"]
[PlyCount "101"]
[EventDate "2015.07.16"]
[EventType "tourn"]
[EventRounds "9"]
[EventCountry "ESA"]
[SourceTitle "EXT 2016"]
[Source "ChessBase"]
[SourceDate "2015.10.08"]
[SourceVersion "1"]
[SourceVersionDate "2015.10.08"]
[SourceQuality "1"]

1. c4 c5 2. Nc3 d6 3. g3 g6 4. Bg2 Bg7 5. d3 Nf6 6. e4 Nc6 7. Nge2 0-0 8. 0-0 e5 9. h3 Be6 10. f4 Qd7 11. g4 exf4 12. Bxf4 Ne8 13. Qd2 Nd4 14. Nxd4 Bxd4+ 15. Kh1 Bg7 16. Bh6 a6 17. Nd5 Bxd5 18. cxd5 b5 19. Bxg7 Kxg7 20. d4 cxd4 21. Qxd4+ f6 22. g5 Qe7 23. Rac1 Qe5 24. gxf6+ Rxf6 25. Qxe5 dxe5 26. Rxf6 Kxf6 27. Kh2 Rd8 28. a4 bxa4 29. Ra1 Rb8 30. Rxa4 Rxb2 31. Rxa6+ Ke7 32. Re6+ Kd7 33. Rxe5 Rb6 34. h4 h6 35. Bh3+ Kd8 36. Re6 Rxe6 37. Bxe6 Ke7 38. e5 g5 39. hxg5 hxg5 40. Kg3 Ng7 41. Bg4 Ne8 42. Kf3 Ng7 43. Ke4 Ne8 44. Kd4 Ng7 45. d6+ Kf7 46. Kd5 Ne8 47. Bh5+ Kf8 48. Bxe8 Kxe8 49. e6 g4 50. Ke4 Kd8 51. Kf4 1-0